000 01154nam0a2200337 4500
001 RU\NLR\BIBL_A\022622455
005 20251126095406.0
010 _a978-5-907124-99-8
021 _aRU
_bКН-П-25-044323
_9КН-П-25-4309
035 _a(NLR Aleph) 022622455
090 _a13469892
_c13469892
100 _a20250916d2025 u y0rusy50 ca
101 0 _arus
102 _aRU
105 _aab z 000ay
181 0 _ai3
_baxxe
182 0 _an
200 1 _aФлориендейл
_iПо краю земли
_fКатерина Ромм
_gиллюстрации: Ника Шарманка
203 _aТекст
_bвизуальный
_cнепосредственный
210 _aМосква
_cПолынь
_d2025
215 _a476, [3] с.
_cил.
_d21
333 _a16+
686 0 _aШ9(2)62=Р7-4
700 1 _aРомм
_bК.
_f1992-
_gКатерина
_3RU\NLR\AUTH\770286832
702 1 _aШарманка
_bН.
_f2000-
_gНика
_3RU\NLR\AUTH\770286834
_4440
942 _cBOOK
980 _aNB